Solvent extraction in flame spectroscopic analysis (Record no. 31672)

MARC details
000 -LEADER
fixed length control field 00369nam a2200133Ia 4500
082 ## - DEWEY DECIMAL CLASSIFICATION NUMBER
Classification number 542.61
Item number CRE
100 ## - MAIN ENTRY--AUTHOR NAME
Personal name Cresser, Malcolm S
245 #0 - TITLE STATEMENT
Title Solvent extraction in flame spectroscopic analysis
260 ## - PUBLICATION, DISTRIBUTION, ETC. (IMPRINT)
Place of publication London
Name of publisher Butterworth
Year of publication 1978
650 ## - SUBJECT ADDED ENTRY--TOPICAL TERM
Topical Term Flame spectrometry
650 ## - SUBJECT ADDED ENTRY--TOPICAL TERM
Topical Term Solvent extraction
942 ## - ADDED ENTRY ELEMENTS (KOHA)
Koha item type Books
Holdings
Withdrawn status Lost status Damaged status Not for loan Home library Current library Date acquired Cost, normal purchase price Full call number Accession Number Koha item type
        RRII Library RRII Library 16/12/2021 40.50 542.61 CRE 12213 Books